<?xml version="1.0" encoding="UTF-8"?>
<marc:record xmlns:marc="http://www.loc.gov/MARC21/slim">
   <marc:leader>00000nam a2200000 a 4500</marc:leader>
   <marc:datafield ind1="1" ind2=" " tag="100">
      <marc:subfield code="a">Mous, Mirjam</marc:subfield>
      <marc:subfield code="4">aut</marc:subfield>
      <marc:subfield code="e">Verfasser/-in</marc:subfield>
   </marc:datafield>
   <marc:datafield ind1="0" ind2="0" tag="245">
      <marc:subfield code="a">Crazy Games</marc:subfield>
   </marc:datafield>
   <marc:datafield ind1="0" ind2="0" tag="245">
      <marc:subfield code="b">der perfekte Tag, der in der Hölle endet</marc:subfield>
   </marc:datafield>
   <marc:datafield ind1="0" ind2="0" tag="245">
      <marc:subfield code="c">Mirjam Mous. Aus dem Niederländ. von Verena Kiefer</marc:subfield>
   </marc:datafield>
   <marc:datafield ind1=" " ind2="1" tag="264">
      <marc:subfield code="a">Würzburg</marc:subfield>
      <marc:subfield code="b">Arena</marc:subfield>
      <marc:subfield code="c">2015</marc:subfield>
   </marc:datafield>
   <marc:datafield ind1=" " ind2=" " tag="250">
      <marc:subfield code="a">1. Aufl.</marc:subfield>
   </marc:datafield>
   <marc:datafield ind1="1" ind2=" " tag="520">
      <marc:subfield code="a">Angaben aus der Verlagsmeldung

Crazy Games. Der perfekte Tag, der in der Hölle endet / von Mirjam Mous

DAS IST EIN TEST.

Sie wissen immer wo du bist und was du gerade tust. Sie kennen deinen Namen, deine Adresse und vielleicht auch deine Gedanken. Sie stellen dir Aufgaben, jeden Tag eine neue. Das Schlimmste aber ist, sie haben deinen Vater. Wenn du nicht tust, was sie sagen, geht es ihm schlecht. Du bist ein Spielball in ihren Händen und niemand ist auf deiner Seite.

Ein Wettlauf gegen die Zeit.

Ein Thriller, der einem den Atem raubt.
</marc:subfield>
   </marc:datafield>
   <marc:datafield ind1=" " ind2=" " tag="020">
      <marc:subfield code="a">9783401069791</marc:subfield>
      <marc:subfield code="9">9783401069791</marc:subfield>
   </marc:datafield>
   <marc:datafield ind1=" " ind2=" " tag="020">
      <marc:subfield code="a">3401069799</marc:subfield>
      <marc:subfield code="9">3401069799</marc:subfield>
   </marc:datafield>
   <marc:datafield ind1=" " ind2=" " tag="041">
      <marc:subfield code="a">ger</marc:subfield>
   </marc:datafield>
   <marc:datafield ind1=" " ind2=" " tag="300">
      <marc:subfield code="a">290 S.</marc:subfield>
   </marc:datafield>
</marc:record>
